Music Quiz

Random Music or Rock Quiz

Album Map: White Pepper Quiz Stats

Quiz not verified by Sporcle

Also try: MTV Top 500
Challenge
Share
Tweet
Score 0/12 Timer 04:00
0 Plays Today
% Correct
Exactly Where I'm At
74.2%
Even If You Don't
74.2%
Bananas and Blow
71.2%
Ice Castles
69.7%
Falling Out
69.7%
Stay Forever
68.2%
Flutes of Chi
65.2%
Stroker Ace
65.2%
The Grobe
65.2%
Back to Basom
63.6%
Pandy Fackler
62.1%
She's Your Baby
54.5%

You're not logged in!

Compare scores with friends on all Sporcle quizzes.
Sign Up with Email
OR
Log In

You Might Also Like...

Show Comments

Extras

Top Quizzes Today


Score Distribution

Your Account Isn't Verified!

In order to create a playlist on Sporcle, you need to verify the email address you used during registration. Go to your Sporcle Settings to finish the process.